Aplicaciones de la inteligencia artificial en la nutrición y dietética: Más allá de los asistentes virtuales (Registro nro. 174165)

Detalles MARC
000 -LEADER
fixed length control field 00741nam a2200217Ia 4500
008 - FIXED-LENGTH DATA ELEMENTS--GENERAL INFORMATION
fixed length control field 240514t2023||||xx |||||||||||||| ||spa||
100 ## - MAIN ENTRY--PERSONAL NAME
Personal name Bonilla, Diego A
100 ## - MAIN ENTRY--PERSONAL NAME
Personal name Daga, Rodrigo
100 ## - MAIN ENTRY--PERSONAL NAME
Personal name et. al.
100 ## - MAIN ENTRY--PERSONAL NAME
Personal name Gamero, Amparo
100 ## - MAIN ENTRY--PERSONAL NAME
Personal name Perez Esteve, Edgar
100 ## - MAIN ENTRY--PERSONAL NAME
Personal name Perez Lopez, Alberto
119 ## -
-- Nutrición
-- Educación y Nutrición
245 #0 - TITLE STATEMENT
Title Aplicaciones de la inteligencia artificial en la nutrición y dietética: Más allá de los asistentes virtuales
260 ## - PUBLICATION, DISTRIBUTION, ETC. (IMPRINT)
Name of publisher, distributor, etc Revista Española de Nutrición Humana y Dietética
Date of publication, distribution, etc 2023
538 ## - SYSTEM DETAILS NOTE
Nota de detalles del sistema Acceso vía web
540 ## - CONDICIONES DE USO Y REPRODUCCIÓN
-- CC BY NC SA
650 ## - SUBJECT ADDED ENTRY--TOPICAL TERM
Topical term or geographic name as entry element Dietética
650 14 - SUBJECT ADDED ENTRY--TOPICAL TERM
Topical term or geographic name as entry element Inteligencia artificial
856 ## - LOCALIZACIÓN Y ACCESO ELECTRÓNICO
Identificador Uniforme del Recurso (URI/URL) https://doi.org/10.14306/renhyd.27.4.2054
999 ## -
-- 174165
-- 174165

No hay ítems disponibles.


CONTACTO


NOSOTROS


SITIOS DE INTERES

coordinacion.biblioteca.biblioteca@unienlinea.mx Misión, Visión y Objetivos Bases de datos
Directorio Bibliotecas Digitales y Repositorios
Normatividad Revistas y artículos
Convenios interbibliotecarios
Boletines



Hecho en México. Universidad Insurgentes (UIN). Todos los derechos reservados 2024. Esta página y sus contenidos pueden ser reproducidos con fines no lucrativos, siempre y cuando no se mutile, se cite la fuente completa y su dirección electrónicas. De otra forma requiere permiso previo por escrito de la institución




2024 Copyright Universidad Insurgentes | www.bibliouin.com.mx